| 000 | 00580nam a2200241 a 4500 | ||
|---|---|---|---|
| 001 | nice12345678 | ||
| 003 | IN_TiNIC | ||
| 005 | 20260116013640.0 | ||
| 008 | 050524s0000 viza grp 000 0 ara | ||
| 020 |
_a _c100 |
||
| 082 | 0 | 0 |
_a297.63 _bSHA6 |
| 100 | _aSharqavi, A Rahman | ||
| 245 | _aMuhammad, Rasool Al Hurriyah | ||
| 260 |
_aVizag _bNo Publisher _c0000 |
||
| 300 | _a400p | ||
| 500 | _aincludes index and biblioraphy | ||
| 505 | 2 | _aIndex | |
| 650 | _aMuhammad, Prophet | ||
| 700 | 1 | _aSharqavi, A Rahman | |
| 902 | _bSRS | ||
| 942 | _cBK | ||
| 999 |
_c11802 _d11802 |
||